Tiffany's 20th century : a portrait of American style
Αποθηκεύτηκε σε:
| Κύριος συγγραφέας: | |
|---|---|
| Μορφή: | Βιβλίο |
| Γλώσσα: | English |
| Δημοσίευση: |
New York :
Harry N. Abrams,
c1997
|
| Θέματα: | |
| Ετικέτες: |
Προσθήκη ετικέτας
Δεν υπάρχουν, Καταχωρήστε ετικέτα πρώτοι!
|
MARC
| LEADER | 00000cam a2200000 i 4500 | ||
|---|---|---|---|
| 001 | 1/34564 | ||
| 008 | 030313s1997 eng d | ||
| 020 | |a 0-8109-3887-1 | ||
| 035 | |l 10069717 | ||
| 040 | |a GR-MY-UA |b gre |e aacr | ||
| 041 | 0 | |a eng | |
| 082 | 0 | |a 745.0973 | |
| 100 | 1 | |a Loring, John. | |
| 245 | 1 | 0 | |a Tiffany's 20th century : |b a portrait of American style / |c John Loring |
| 246 | 3 | 3 | |a Tiffany's twentieth century |
| 260 | |a New York : |b Harry N. Abrams, |c c1997 | ||
| 300 | |a 240 p.; |b col. ill.; |c 31 cm. | ||
| 610 | 1 | 0 | |a Tiffany and Company. |
| 650 | 0 | 0 | |a Decorative arts |z United States |x History |y 20th century. |
| 852 | |a INST |b SYROS |e 20030313 |h 745.0973 LOR |p 005500002397 |q 005500002397 |t BK |y 0 | ||
| 901 | |a BIBL5-2003-1 | ||
| 909 | |a Ε |b 103320 | ||
| 922 | |a 5ΕΛΗ |b 200210 |c ΤΜΣΠΣ |d ΠΑΠΑΣΩΤΗΡΙΟΥ | ||
| 950 | |a 183-2002-10-19 | ||
| 970 | |a ΚΑΓΙΑΒΑ |b ΕΙΡΗΝΗ |z 2003/03/17 | ||